[Event "SLO-chT (Women)"]
[Site "Slovenia"]
[Date "2010.??.??"]
[Round "9"]
[White "Vucko, Maja"]
[Black "Stevanec, Lea"]
[Result "0-1"]
[WhiteElo "1915"]
[BlackElo "2125"]
[PlyCount "60"]
[EventDate "2010.??.??"]
[EventType "team-tourn"]
[EventRounds "9"]
[EventCountry "SLO"]
[SourceTitle "EXT 2012"]
[Source "ChessBase"]
[SourceDate "2011.11.24"]
[SourceVersion "1"]
[SourceVersionDate "2011.11.24"]
[SourceQuality "1"]

1. e4 c6 2. d4 d5 3. Nc3 dxe4 4. Nxe4 Nd7 5. Nf3 Ngf6 6. Nxf6+ Nxf6 7. c3 g6 8. Bd3 Bg7 9. 0-0 0-0 10. Qc2 Nd5 11. Re1 Be6 12. Ne5 Qd6 13. h4 f6 14. Nc4 Qd7 15. h5 b5 16. Na5 f5 17. Nb3 Bf7 18. Nc5 Qd6 19. hxg6 hxg6 20. f4 Bf6 21. Bxf5 gxf5 22. Qxf5 Bg7 23. g3 Nc7 24. Kf2 Bg6 25. Qh3 Rae8 26. g4 e6 27. Be3 Nd5 28. Rh1 Nxe3 29. Qxe3 Rxf4+ 30. Ke2 e5 0-1

[Event "SLO-chT (Women)"]
[Site "Rogaska Slatina"]
[Date "2009.03.28"]
[Round "4"]
[White "Bukovec, Tina"]
[Black "Stevanec, Lea"]
[Result "0-1"]
[WhiteElo "1859"]
[BlackElo "2123"]
[PlyCount "130"]
[EventDate "2009.03.27"]
[EventType "team-tourn"]
[EventRounds "9"]
[EventCountry "SLO"]
[SourceTitle "CBM 129 Extra"]
[Source "ChessBase"]
[SourceDate "2009.05.05"]
[SourceVersion "2"]
[SourceVersionDate "2009.05.20"]
[SourceQuality "1"]

1. e4 c5 2. Nf3 d6 3. d4 cxd4 4. Nxd4 Nf6 5. Nc3 e6 6. Be3 Be7 7. Bc4 0-0 8. Bb3 Bd7 9. f4 Nc6 10. 0-0 Nxd4 11. Bxd4 Bc6 12. Qd3 b5 13. e5 Ne8 14. Rad1 Qb8 15. Ne4 Bxe4 16. Qxe4 d5 17. Qf3 f5 18. g4 Nc7 19. c3 g6 20. Rf2 Rf7 21. Rd3 Qf8 22. Qh3 Bc5 23. Rg3 Bxd4 24. cxd4 Qb4 25. gxf5 exf5 26. Rd3 Rd8 27. Qe3 Ne6 28. a3 Qe7 29. Rc3 Qb7 30. Rfc2 Qb6 31. Rc8 Rfd7 32. Rxd8+ Rxd8 33. Rd2 Kg7 34. Kg2 a5 35. Kg3 g5 36. Qf3 Nxf4 37. h4 h6 38. Bc2 Qg6 39. Kh2 Qe6 40. Rd1 Rf8 41. Rg1 Kf7 42. h5 Rc8 43. Qf2 Ke7 44. Rg3 Qf7 45. Bd1 Nxh5 46. Bxh5 Qxh5+ 47. Rh3 Qg6 48. Qd2 f4 49. Rc3 Qh5+ 50. Rh3 Qg6 51. Rc3 Rc6 52. Rxc6 Qxc6 53. Qd3 Kd8 54. Qh7 Qe6 55. Qa7 g4 56. Qxa5+ Ke7 57. Qxb5 g3+ 58. Kg2 h5 59. Qb7+ Kf8 60. Qb8+ Kg7 61. Qc7+ Kg6 62. Qc2+ Kg5 63. Qh7 Kh4 64. Kg1 f3 65. Qg7 Qc8 0-1